Friedrich Merz Quiz - Statistiken

Allgemein
  • Dieses Quiz wurde 65 mal gespielt
  • Das Durchschnittsergebnis liegt bei 11 aus 18
Antwortstatistiken
Frage Antwort % Korrekt
In welcher Partei ist Friedrich Merz Mitglied? CDU
100%
Für welches Bundesland sitzt Merz im Bundestag? Nordrhein-Westfalen
88%
An wen verlor Merz 2002 das Amt als Fraktionsvorsitzender? Angela Merkel
84%
In welchem Jahr wurde Merz CDU-Vorsitzender? 2022
79%
Welcher CDU-Kanzler gilt als sein politisches Vorbild? Helmut Kohl
72%
Merz ist der zweitälteste Kanzler bei Amtsantritt. Wer war älter? Konrad Adenauer
69%
Wie lautet der Name seines politischen Rivalen in der CDU, der 2020 Parteichef wurde? Armin Laschet
64%
Wie heißt die Region, in der Merz aufwuchs? Sauerland
64%
In welchem Jahr trat Merz erstmals in den Bundestag ein? 1994
57%
Nach seiner politischen Pause war Merz von 2016 bis 2020 Aufsichtsratsvorsitzender bei welcher Firma? BlackRock Deutschland
57%
Wie lautet sein berühmtes wirtschaftspolitisches Schlagwort aus den frühen 2000er-Jahren? Steuererklärung auf dem {Bierdeckel}
57%
Welchen Beruf hat Merz ursprünglich gelernt? Jurist
53%
Welches Amt übernahm Merz im Bundestag nach der Wahl 2021 wieder? Fraktionsvorsitzender
50%
Welches Ministeramt hatte Merz bislang nicht inne? Bundesminister
47%
Wie lautet der Vorname von Friedrich Merz’ Ehefrau? Charlotte
45%
Gegen wen verlor Merz 2018 das CDU-Vorsitzrennen? Annegret Kramp-Karrenbauer
41%
Merz war von 2009 bis 2019 Vorsitzender welches Vereins, der sich eine Vertiefung der Beziehungen zwischen den USA und Deutschland zum Ziel setzt? {Atlantik}-Brücke
38%
In welcher Stadt wurde Merz geboren? Brilon
26%
Keine übereinstimmenden Quizze gefunden
Verteilung der Resultate
Anzahl Personen mit jedem Resultat
Perzentil nach korrekt beantworteten Fragen
Ihre Resultats-Entwicklung
Sie haben dieses Quiz noch nicht gespielt